|
|
|
|
| LEADER |
00000cam a2200000 a 4500 |
| 001 |
vtls008356085 |
| 003 |
SK-MaSNL |
| 005 |
20260301044554.0 |
| 008 |
240509s1974 xo a grn 000 0 slo |
| 015 |
|
|
|a SNBA1974/12-03415
|
| 035 |
|
|
|a SK01SNK19740048302
|
| 035 |
|
|
|a SKM000050765
|
| 040 |
|
|
|a SNK
|b slo
|c SNK
|e AACR2
|
| 041 |
0 |
|
|a slo
|
| 044 |
|
|
|a xo
|c SK
|
| 080 |
|
|
|a 025.4.001.5
|2 1981
|
| 100 |
1 |
|
|a Mártonová, Renáta,
|d 1945-
|4 aut
|9 229658
|
| 245 |
1 |
0 |
|a Prieskum metód indexácie a tvorby riadených slovníkov a tezaurov
|b (štúdia k výskumnej úlohe P 18-521-079-00-04)
|c autori: R. Mártonová, M. Chlebíková
|
| 260 |
|
|
|a Bratislava
|b Ústredná ekonomická knižnica
|c 1974
|
| 300 |
|
|
|a 90, [1] s.
|b tabuľky
|c 8°
|
| 366 |
|
|
|e 200 výt.
|
| 504 |
|
|
|a Obsahuje bibliografické odkazy
|
| 650 |
0 |
7 |
|a predmetové selekčné jazyky
|2 SNKPH
|9 63926
|
| 650 |
0 |
7 |
|a riadené slovníky
|2 SNKPH
|9 87446
|
| 650 |
0 |
7 |
|a tezaury
|2 SNKPH
|9 3494
|
| 650 |
0 |
7 |
|a automatické indexovanie
|2 SNKPH
|9 247358
|
| 655 |
|
7 |
|a štúdie
|2 SNKPH
|9 57033
|
| 700 |
1 |
|
|a Chlebíková, M.
|4 aut
|9 351218
|
| 852 |
|
|
|a Slovenská národná knižnica
|
| 954 |
|
|
|a odborná, vedecká literatúra pôvodná (slovenská)
|2 lita
|
| 958 |
|
|
|a EUIPO
|
| 958 |
|
|
|a OND
|
| 958 |
|
|
|a RK
|
| 958 |
|
|
|a NB
|
| 958 |
|
|
|a KL
|
| 999 |
|
|
|c 596303
|d 598233
|
| 952 |
|
|
|a SNK
|b SNK
|y VYP
|7 0
|p 17A0111806
|o snkSC 35234 D2
|0 0
|1 0
|4 0
|d 1997-12-08
|l 0
|r 2005-01-02 00:00:00
|w 2026-02-23
|
| 952 |
|
|
|a SNK
|b SNK
|y PREZ
|7 0
|p 17A0968926
|o snkSC 35234
|0 0
|1 0
|4 0
|d 2012-10-16
|l 0
|r 2025-10-03 00:00:00
|w 2026-02-23
|